000 00640nam a2200229 a 4500
005 20210219153142.0
008 991125n 000 0 u
035 _aUPN01000080571
100 _aPaster, Amy
222 _aSPECIAL LIBRARIES
245 _aGreat expectations : satisfying Today's patrons
300 _a195-198
362 _a83, No. 4, 1992
505 _aMarzo 1993
653 0 _aFUENTES DE INFORMACION
653 0 _aNECESIDADES DEL USUARIO (INFORMACION)
653 0 _aSERVICIOS DE BIBLIOTECA
653 0 _aUSUARIO SATISFECHO (INFORMACION)
700 _aOsif, Bonnie
904 _aAC
_b018382
905 _aArticulo
999 _c69580
_d69580